Statistics for Cartoon Series

Click here to take the quiz!

General Stats

  • This quiz has been taken 14 times
    (9 since last reset)
  • The average score is 13 of 39

Answer Stats

HintAnswer% Correct
SkeletorHe-Man
86%
Squidward TentaclesSpongeBob
86%
Mr. BurnsSimpsons
71%
GargamelThe Smurfs
71%
MegatronTransformers
71%
Team RocketPokemon
71%
Mort, Gort and WartGarfield
57%
Mumm-RaThunderCats
57%
HelgaHey Arnold
57%
ReptarRugrats
57%
Nega DuckDarkwing Duck
57%
Roger M. KlotzDoug
43%
V.E.N.O.MMASK
43%
MarshmallowGhostbusters
43%
David "Dave" SevilleAlvin and the Chipmunks
43%
HordakShe-Ra
43%
Ming the MercilessDefenders of the Earth
29%
BooDragon Ball
29%
SoccerCaptain Tsubasa
29%
Seto KaibaYu-Gi-Oh!
29%
AkatsukiNaruto
29%
NemesisSaber Rider
14%
Fat CatChip n Dale
14%
Tex-HexBravestarr
14%
SnowballPinky and the Brain
14%
Celestial DragonsOne Piece
14%
Lawrence Loctavius LimburgerBiker Mice from Mars
14%
DemonaGargoyles
14%
Ghengis RexDinosaucers
14%
Mon*StarSilverHawks
14%
The Evil SpiritCare Bears
14%
HoneyWinnie the Pooh
14%
Dr. GenusOne Punch Man
14%
ShredderTurtles
14%
PlanetsSailor Moon
14%
Quenn of the CrownGalaxy Rangers
0%
DraxonLazer Tag Academy
0%
NarakuInu Yasha
0%
Duke Sigmund IgthornGummi Bears
0%

Score Distribution

Percentile by Number Answered

Percent of People with Each Score

Your Score History

You have not taken this quiz since the last reset